000 00617nam a2200265 a 4500
003 AR-BaBNM
005 20251128202824.0
008 082120s2002 ||||||||||||||000 | spa||
040 _cAR-BaBNM
100 1 _aRojas, Nerio A.
245 0 0 _aMedicina legal
250 _a2ยช ed.
260 _aBuenos Aires
_bEl Ateneo
_c1942
300 _a391 p.
650 4 _aMEDICINA FORENSE
650 4 _aESPECIALIDADES MEDICAS
650 4 _aINVESTIGACION PENAL
650 4 _aCRIMINOLOGIA
650 4 _aDERECHO PENAL
650 4 _aABORTO
650 4 _aLESIONES
650 4 _aDELITOS
942 _cBK
998 _cenrique
999 _c742
_d742